|
|
|
|
| LEADER |
00894cam a2200253 a 4500 |
| 001 |
0000145610 |
| 005 |
20190124090000.0 |
| 040 |
|
|
|a mod
|
| 041 |
|
|
|a eng
|
| 020 |
0 |
0 |
|a 978141675399
|
| 020 |
0 |
0 |
|a 9781451675412
|
| 090 |
0 |
0 |
|a 082
|b MAN
|e 2012
|
| 100 |
1 |
0 |
|a Mandela
|h Nelson R.
|y 1918-2013
|
| 245 |
1 |
0 |
|a Notes to the future
|b words of wisdom
|c Nelson R. Mandela; introduction by Desmond Tutu
|
| 250 |
0 |
0 |
|a 1st Atria books hardcover ed.
|
| 260 |
0 |
0 |
|a New York
|b Atria Books
|c 2012
|
| 300 |
0 |
0 |
|a xiii, 176 p.
|c 20 cm
|
| 504 |
0 |
0 |
|a Includes bibliographical references (p. 175-176)
|
| 650 |
0 |
0 |
|a Presidents
|x Quatations
|z South Africa
|
| 651 |
0 |
0 |
|a South Africa
|x Politics and government
|x Quatations
|y 1994-
|
| 651 |
0 |
0 |
|a South Africa
|x Politics and government
|x Quotations, maxims, etc.
|y 1989-1994
|
| 700 |
1 |
0 |
|a Tutu
|h Desmond
|
| 852 |
0 |
0 |
|a 01
|
| 999 |
|
|
|a B000027955
|b MIDAS
|d BOOKS
|e Umum
|f MIDAS
|j AVAILABLE
|q GOOD CONDITION
|